000 00859nam a2200241 a 4500
001 000035482
005 20200930074356.0
008 111101s1973 mx 000 0 spa d
020 _a9682402352
040 _aDO-SdBNP
_bspa
_cBNPHU
082 _axxxxxxx
_bxxxxxxx
100 1 _aCohen, Jozef
_961356
245 1 0 _aConducta y condicionamiento operantes /
_cJozef Cohen ; versión en español María Eugenia Linares ; revisión técnica Jorge Bernardo del Río.
260 _aMéxico :
_bTrillas,
_c1973.
300 _a87 p. ;
_c23 cm.
490 1 _aTemas de Psicología
_v5
500 _aIncluye índice alfabético
500 _aLa biblioteca posee la 4ta reimpresión de 1980
504 _aBibliografía : p. 78-83
700 1 _aLinares, María Eugenia
_961357
700 1 _aRío ,Jorge Bernardo del
_961358
830 0 _aTemas de Psicología
_n5
_961359
999 _c34973
_d34973